Vplyv kultúrnych faktorov na úspešnosť priamych zahraničných investícií diplomová práca

Na minha lista:
Detalhes bibliográficos
Autor principal: Bočanová, Monika
Autor Corporativo: Obchodná fakulta EU. Katedra medzinárodného obchodu
Outros Autores: Knapik, Peter
Formato: Livro
Idioma:eslovaco
Publicado em: Bratislava 2008
Tags: Adicionar Tag
Sem tags, seja o primeiro a adicionar uma tag!

MARC

LEADER 00000nam$a2200000$$$4500
001 0085714
005 20240201120706.7
041 0 |a slo 
044 |a SK 
245 1 0 |a Vplyv kultúrnych faktorov na úspešnosť priamych zahraničných investícií  |b diplomová práca  |c Monika Bočanová ; škol. Peter Knapik 
264 1 |a Bratislava  |c 2008 
300 |a 112 s. 
100 1 |a Bočanová, Monika 
700 1 |a Knapik, Peter 
710 2 |a Obchodná fakulta EU. Katedra medzinárodného obchodu